Turbulence and tranquillity / (Record no. 25832)
[ view plain ]
| 000 -LEADER | |
|---|---|
| fixed length control field | 00828 a2200229 4500 |
| 005 - DATE AND TIME OF LATEST TRANSACTION | |
| control field | 20190515152107.0 |
| 008 - FIXED-LENGTH DATA ELEMENTS--GENERAL INFORMATION | |
| fixed length control field | 090302t xxu||||| |||| 00| 0 eng d |
| 010 ## - LCCN (DPL NO) | |
| LC control number | B-284491 |
| 020 ## - INTERNATIONAL STANDARD BOOK NUMBER | |
| International Standard Book Number | 8177080199 |
| Terms of availability | 275.00 |
| 020 ## - INTERNATIONAL STANDARD BOOK NUMBER | |
| International Standard Book Number | 9798177080192 |
| Terms of availability | 275.00 |
| 035 ## - SYSTEM CONTROL NUMBER | |
| System control number | B-284491,B-213467 |
| 037 ## - SOURCE OF ACQUISITION | |
| Source of stock number/acquisition | Pansy |
| 040 ## - CATALOGING SOURCE | |
| Original cataloging agency | DPL |
| Language of cataloging | English |
| 082 ## - DEWEY DECIMAL CLASSIFICATION NUMBER | |
| Classification number | S |
| 100 ## - MAIN ENTRY--PERSONAL NAME | |
| Personal name | Sood, Nina |
| 245 ## - TITLE STATEMENT | |
| Title | Turbulence and tranquillity / |
| Statement of responsibility, etc | by Nina Sood |
| 260 ## - PUBLICATION, DISTRIBUTION, ETC. (IMPRINT) | |
| Place of publication, distribution, etc | Delhi |
| Name of publisher, distributor, etc | New Century Publications |
| Date of publication, distribution, etc | 2002 |
| 270 ## - ADDRESS | |
| Address | 34, Gujranwala Town, Part-2 |
| City | Delhi |
| Postal code | 110033 |
| Telephone number | 7247805, 7138192 |
| Fax number | 91-11-7464774 |
| Electronic mail address | indiatax@de12.vsnl.net.in |
| 300 ## - PHYSICAL DESCRIPTION | |
| Extent | 214p. |
| Dimensions | 22cm. (pbk) |
| 942 ## - ADDED ENTRY ELEMENTS (KOHA) | |
| Institution code [OBSOLETE] | dpl |
| Item type | English Books |
| Source of classification or shelving scheme | Dewey Decimal Classification |
| Classification part | S |
| Call number suffix | SOO |
| Withdrawn status | Lost status | Source of classification or shelving scheme | Damaged status | Not for loan | Collection code | Home library | Current library | Date acquired | Source of acquisition | Cost, normal purchase price | Total Checkouts | Full call number | Barcode | Date last seen | Copy number | Cost, replacement price | Koha item type |
|---|---|---|---|---|---|---|---|---|---|---|---|---|---|---|---|---|---|
| Dewey Decimal Classification | Fiction | Vigyan Vihar | Vigyan Vihar | 15/05/2019 | BPPD | 275.00 | S SOO | B-213467 | 15/05/2019 | 275.00 | English Books | ||||||
| Dewey Decimal Classification | Fiction | Vinoba Puri | Vinoba Puri | 21/04/2009 | Pansy/782/5.8.08/184/21.7.08/13.8.08 | 275.00 | S SOO | B-284491 | 21/04/2009 | 1 | 275.00 | English Books |
